000 00894nas a2200277 4500
001 BR2012005847
003 BR-BrBNA
005 20231205120932.0
007 ta
008 230509b bl.|||p| |||| 00| 00por d
040 _aBR-BrBNA
_bpor
_cBiblioteca Nacional de Agricultura
041 _a(Pt)
072 _aE70
100 1 _aSantini, G.A.
100 1 _aOliveira, S.C. de
100 1 _aPigatto, G.
245 1 _aAnálise da relação das variáveis preço e produção da mandioca tipo indústria no estado de São Paulo, 1996 a 2008
650 _aMANDIOCA
650 _aPREÇO
650 _aPRODUÇÃO
650 _aANÁLISE COMPARATIVA
650 _aSÃO PAULO
773 0 _tInformações Econômicas- Instituto de Economia Agrícola (Brazil)
_xISSN 0100-4409
_g(Mar 2010), v. 40(3) p. 41-52
_wBR2012005847
909 _a202311
_bLúcia
_c55
_dLúcia Elande
942 _2AGRIS
_n0
_cANA
999 _c221064
_d221064